000 00605cam a2200217 a 4500
003 OSt
005 20260408100726.0
008 020509s2003 mau b 001 0 eng
020 _a9788126516292
040 _cHDL
_beng
082 0 0 _a294.5 P3
245 0 4 _aThe Blackwell companion to Hinduism /
_cedited by Gavin Flood.
260 _aNew Delhi;
_bBlackwell Pub,
_c2003.
300 _axiii, 599 p.
440 0 _aBlackwell companions to religion
_91234289
650 0 _aHinduism.
651 _aIndia
700 1 _aFlood, Gavin D.,
_d1954-
_91234290
942 _2CC
_cTEXL
_n0
999 _c1848063
_d1848063